La prensa femenina en España (Record no. 10968)

MARC details
000 -LEADER
campo de control de longitud fija 00845nam a2200265 i 4500
001 - NÚMERO DE CONTROL
campo de control 10968
003 - IDENTIFICADOR DE NÚMERO DE CONTROL
campo de control ES-MaACL
005 - FECHA Y HORA DE LA ÚLTIMA TRANSACCIÓN
campo de control 20230906150012.0
007 - CAMPO FIJO DE DESCRIPCIÓN FÍSICA--INFORMACIÓN GENERAL
campo de control de longitud fija t|
008 - DATOS DE LONGITUD FIJA--INFORMACIÓN GENERAL
campo de control de longitud fija 930607s1992 sp a |||| | spa d
020 ## - NÚMERO INTERNACIONAL ESTÁNDAR DEL LIBRO
Número Internacional Estándar del Libro 84-7960-030-6
080 ## - NÚMERO DE LA CLASIFICACIÓN DECIMAL UNIVERSAL
Número de la Clasificación Decimal Universal (05.055.2)(460)"18"
100 1# - ENTRADA PRINCIPAL--NOMBRE DE PERSONA
Nombre de persona Jiménez Morell, Inmaculada.
9 (RLIN) 66569
245 13 - MENCIÓN DEL TÍTULO
Título La prensa femenina en España
Resto del título : (desde sus orígenes a 1868) /
Mención de responsabilidad, etc. Inmaculada Jiménez Morell.
250 ## - MENCION DE EDICION
Mención de edición 1ª ed.
260 ## - PUBLICACIÓN, DISTRIBUCIÓN, ETC.
Lugar de publicación, distribución, etc. Madrid :
Nombre del editor, distribuidor, etc. Ediciones de la Torre,
Fecha de publicación, distribución, etc. 1992.
300 ## - DESCRIPCIÓN FÍSICA
Extensión 212 p :
Otras características físicas il ;
Dimensiones 22 cm.
490 1# - MENCIÓN DE SERIE
Mención de serie Nuestro mundo ;
Designación de volumen o secuencia 26. Historia
500 ## - NOTA GENERAL
Nota general Índice.
504 ## - NOTA DE BIBLIOGRAFÍA, ETC.
Nota de bibliografía, etc. Bibliografía: p. [187]-212.
650 14 - PUNTO DE ACCESO ADICIONAL DE MATERIA--TÉRMINO DE MATERIA
Término de materia o nombre geográfico como elemento de entrada Publicaciones periódicas femeninas-
Subdivisión geográfica España.
9 (RLIN) 158714
830 0# - PUNTO DE ACCESO ADICIONAL DE SERIE-TÍTULO UNIFORME
Título uniforme Nuestro mundo ;
Designación de volumen o secuencia 26. Historia
9 (RLIN) 178865
852 ## - LOCALIZACIÓN
Ubicación ES-MaACL
Número de control de estantería L-18234
Holdings
Estatus retirado Estado de pérdida Estado de daño No para préstamo Biblioteca de origen Biblioteca actual Ubicación en estantería Fecha de adquisición Fuente de adquisición Total de préstamos Signatura topográfica completa Código de barras Visto por última vez Precio de reemplazo Tipo de ítem Koha
        Biblioteca del Ateneo de Madrid Biblioteca del Ateneo de Madrid Depósito 2 17/01/2008     L-18234 1011186 23/02/2023 23/02/2023 Libro impreso